Женска управия (Запис номер 124193)
[ съкратено ]
| 000 -Лидер | |
|---|---|
| Контролно поле с фиксирана дължина | 01374nam a2200313 c 4500 |
| 003 - Код на организацията, давaща контролен номер | |
| Контролно поле | BLK |
| 005 - Дата и час на последна редакция | |
| Контролно поле | 20210621135721.0 |
| 008 - Елементи от данни с фиксирана дължина | |
| fixed length control field | 180409b bul|||||r ||||||| ||bul|| |
| 010 ## - Наследен системен номер | |
| LC control number | KNG00129859000 |
| 040 ## - Източник на каталожния запис | |
| Идентификатор на билиотеката - собственик на записа | BLK |
| 041 ## - Код за език | |
| Код за езика на текст/звукозапис или на отделно заглавие | Български |
| Код за езика КДБФ | Български |
| 080 ## - УДК | |
| Текстов определител УДК | Класическа гръцка литература. Старогръцка литература |
| УДК код - определител по УДК | 821.142 |
| УДК определител | -22 |
| УДК - код + определител | 821.142-22 |
| 100 1# - Редна дума - Автор | |
| Автор | Аристофан |
| Авторска отговорност | първи автор |
| R(LIN) | 33430 |
| 139 ## - Редно поле | |
| Редна дума | Аристофан |
| Авторски знак | Ари - А 84 |
| 245 10 - Сведения за заглавието | |
| Заглавие | Женска управия |
| Подзаглавни данни | Комедия |
| Редно поле (дума) | Аристофан; прев. от ориг. Александър Михайлов Балабанов. |
| 250 ## - Област на изданието | |
| Сведения за изданието | 3. изд. |
| 257 ## - Страна на издаване | |
| Страна на създаване/издаване | Древна Гърция |
| 260 ## - Област на издателските данни | |
| Име на издателя, разпространителя и проч. | Александър Паскалев и сие |
| Година на издаване | 1919 |
| 300 ## - Физическа характеристика | |
| Страници | 58 с. |
| Размери/Мащаб | 18 см |
| 380 ## - Жанр | |
| Жанр | Худож. лит. |
| 490 ## - СЕРИИ (Колекции) | |
| Име на серия | Всемирна библиотека |
| №: серия | № 113 и 113б |
| 9 (RLIN) | 204422 |
| 500 ## - Общи забележки | |
| Забележка | Кн. излязла и под загл. : Жените в парламента и Женско народно събрание. |
| 700 1# - Други автори (авторска отговорност) | |
| Лично име | Балабанов, Александър Михайлов |
| Автороска отговорност (Описва отношението между автора и произведението) | прев. от ориг. |
| 9 (RLIN) | 368000 |
| 852 ## - Местоположение | |
| Форматна сигнатура | Цб 8.150.48438 |
| 856 4# - Електронен адрес и достъп | |
| Електронен формат | pdf - файл |
| 856 4# - Електронен адрес и достъп | |
| Електронен формат | pdf - файл |
| 999 ## - СИСТЕМНИ КОНТРОЛНИ НОМЕРА | |
| Koha biblionumber | 124193 |
| Koha biblioitemnumber | 124193 |
| 942 ## - АРТИКУЛИ | |
| Вид на библиотечния материал | Книги |
| Скрит в OPAC | Не |
| Периодичен библиозапис | Да |
| 944 ## - СЪЗДАВАНЕ И РЕДАКЦИЯ на ЗАПИСА | |
| Създаване/Редакция | Създаване |
| Дата на регистрацията/редакция | 21.04.2012 |
| Статус, дата на статуса | 21.04.2012 - от С1,Р / 21.04.2012 |
| Служител, извършил регистрацията/редакцията | Кети_Илиева |
| 944 ## - СЪЗДАВАНЕ И РЕДАКЦИЯ на ЗАПИСА | |
| Създаване/Редакция | Редакция |
| Дата на регистрацията/редакция | 21.04.2012 |
| Статус, дата на статуса | 21.04.2012 - от С1,Р / 21.04.2012 |
| 999 ## - СИСТЕМНИ КОНТРОЛНИ НОМЕРА | |
| Koha biblioitemnumber | 124193 |
| Код за отписване | Код за изгубен артикул | Източник на класификационната схема | Код за повреда | Коз за рестрикции | Код за отдаване | Артикулен № | Име на библиотеката - собственик | Име на библиотеката, в която се намира в момента | Статус (Текущо местоположение) | Дата на вписване в системата | Местоположение - отдел | Цена в лева | Инвентарен номер | Систематично азбучна сигнатура | Баркод | Номер на екземпляра | Цена в евро | Служебна бележка | Служебен тип на артикула |
|---|---|---|---|---|---|---|---|---|---|---|---|---|---|---|---|---|---|---|---|
| Не е изгубен | Universal Decimal Classification | Не е повреден | без рестрикции | ползва се в читалня | 201352 | Регионална библиотека "Любен Каравелов" Русе | Регионална библиотека "Любен Каравелов" Русе | Хранилище | 1919-01-01 | Основен фонд - ползва се само за читалня | 0.12 | 11805/58 | Цб 8.150.48438 | 900000065979 | 1 | 0.06 | Вид: СФ Дата: 01.01.1919 | Книги |